| 000 | 00925cam a2200313Ia 4500 | ||
|---|---|---|---|
| 001 | 99999 | ||
| 005 | 20230410115557.0 | ||
| 008 | 880603s1980 mx b b 000 0 spa d | ||
| 035 | _a(OCoLC)ocm18038041 | ||
| 040 |
_aDCI _cDCI |
||
| 020 | _a9682303605 | ||
| 035 | _a(OCoLC)18038041 | ||
| 050 | 1 | 4 |
_aHF 1411 _bI34 1980 |
| 082 | 0 | 0 | _a382 |
| 245 | 0 | 0 |
_aImperialismo y comercio internacional : _bel intercambio desigual / _cArghiri Emmanuel ...[et al.]. |
| 250 | _a7a ed. | ||
| 260 |
_aMéxico : _bEdiciones Pasado y Presente, _c1980. |
||
| 300 |
_axviii, 192 p. : _bill. ; _c21 cm. |
||
| 504 | _aIncluye referencias bibliográficas. | ||
| 650 | 0 | _aEconomic development. | |
| 650 | 0 | _aInternational economic relations. | |
| 650 | 4 | _aEconomía internacional. | |
| 650 | 4 | _aImperialismo. | |
| 650 | 4 | _a20150700 | |
| 700 | 1 |
_aEmmanuel, Arghiri, _d1911- |
|
| 942 |
_2lcc _cbk |
||
| 994 |
_aC0 _bDRFGD |
||
| 946 | _aNBM | ||
| 999 |
_c43950 _d43950 |
||